Pripravenosť študentov z matematiky na štúdium na vysokej škole s ekonomickým zameraním
Na minha lista:
| Autor principal: | |
|---|---|
| Formato: | Capítulo de Livro |
| Idioma: | eslovaco |
| Tags: |
Sem tags, seja o primeiro a adicionar uma tag!
|
MARC
| LEADER | 00000naa$a2200000$$$4500 | ||
|---|---|---|---|
| 001 | 0261439 | ||
| 005 | 20240502074145.8 | ||
| 041 | 0 | |a slo | |
| 044 | |a SK | ||
| 245 | 1 | 0 | |a Pripravenosť študentov z matematiky na štúdium na vysokej škole s ekonomickým zameraním |c Jana Coroničová Hurajová |
| 500 | |a Abstrakt | ||
| 100 | 1 | |a Coroničová Hurajová, Jana, 1986- | |